Los costes sociales de la empresa privada /

Gespeichert in:
Bibliographische Detailangaben
1. Verfasser: Kapp, K. William (autor)
Format: Buch
Sprache:Spanisch
Veröffentlicht: Barcelona, España : Oikos-Tau, 1966
Schriftenreihe:(Libros de Economía Oikos ; 11)
Schlagworte:
Tags: Tag hinzufügen
Keine Tags, Fügen Sie das erste Tag hinzu!

MARC

LEADER 00000nam^a2200000^a^4500
001 000000160
005 20250521000000.0
009 20260310083015.911
037 |a Acervo ITESO - Biblioteca 
041 |a ESP 
082 |a 658. 408  |b KAP 
100 |a Kapp, K. William  |e (autor) 
245 1 4 |a Los costes sociales de la empresa privada /  |c K.W. Kapp ; tr. por Santiago Undina Abelló y Tomás Lamarca. 
264 1 |a Barcelona, España :  |b Oikos-Tau,  |c 1966 
300 |a 315 p. 
336 |a texto  |b txt  |2 rdacontenido 
337 |a sin mediación  |b n  |2 rdamedio 
338 |a volumen  |b nc  |2 rdasoporte 
440 1 |a (Libros de Economía Oikos ;  |v 11) 
500 |a Traducción de: Social Cost of Business Enterprise 
649 |a XX 
650 |a Problemas Sociales 
650 |a Empresa y Sociedad -  |x Tema Principal 
650 |a Capitalismo -  |x Historia y Crítica 
650 |a Sociología de la Economía 
910 |a Fondo General 
920 |a Impresos - Libros 
930 |a Colección General 
905 |a 101 
901 |a 0001600100  |b IT1  |c ACC  |i 000160  |u 20250521 
902 |a https://opac.biblio.iteso.mx/vufind/Record/000000160